000 00514nam a2200169Ia 4500
005 20260601193259.0
008 260601s9999||||xx |||||||||||||| ||und||
020 _a978-3-031-64396-5
_qebk
100 _aLuigi Martino
245 0 _aCybersecurity in Italy
250 _a2024
260 _aHeidelberg, Germany
_bSpringer Nature
_c2024
440 _aSpringerBriefs in Cybersecurity
650 _aComputer Science
856 _uhttps://link.springer.com/openurl?genre=book&isbn=978-3-031-64396-5
942 _cEB
_2ddc
999 _c56968
_d56968